00519nam a22001577a 450000500170000000800410001702000340005804100130009208200140010510000580011924500740017725000210025126000450027230000180031765000260033520240201125940.0240201b |||||||| |||| 00| 0 eng d a9780409063837 ; 9780409063844 aEnglish  a346.5 WIE aWiechers, NJ ; Vorster, I and Blignaut, EE lEnglish  aAdministration of Estates / cNJ Wiechers, I Vorster and EE Blignaut  aEnglish Edition  aDurban : bLexisNexis (Pty) Ltd, c1996  bxi, c26 cm.  aLegal practice bLaw